The quest of the missing map (Registro nro. 86664)

Detalles MARC
000 -ENCABEZADO
Número de control [NR] 00870nam a22002177a 4500
005 - FECHA Y HORA DE LA ÚLTIMA TRANSACCIÓN
control field 20240506122843.0
008 - DE LONGITUD FIJA DE DATOS DE ELEMENTOS - INFORMACIÓN GENERAL
Elementos de longitud fija [NR] 130821s1942 xxu gr eng
040 ## - FUENTE DE CATALOGACION [NR]
Agencia de catalogación original [NR] Co-BoUCM
Idioma de catalogación [NR] spa
Quien Cataloga David Moreno (modificó)
Quien Clasifica David Moreno (modificó)
041 00 - CODIGO DE IDIOMA [R]
Código de idioma para texto/pista de sonido o título separado [R] Inglés
100 1# - ASIENTO PRINCIPAL--NOMBRE PERSONAL [NR]
Nombre personal [NR] Keene, Carolyn
ID Autoridad 149737
245 04 - MENCION DE TITULO [NR]
Título [NR] The quest of the missing map
Mención de responsabilidad, etc. [NR] by Carolyn Keene, illustrated by Russel H. Tandy
260 ## - PUBLICACION, DISTRIBUCION, ETC. (PIE DE IMPRENTA) [R]
Lugar de publicación, distribución, etc. [R] Nueva York (Estados Unidos)
Nombre del editor, distribuidor, etc. [R] Grosset y Dunlap
Fecha de publicación, distribución, etc. [R] 1942
300 ## - DESCRIPCION FISICA [R]
Extensión [R] 213 Páginas
500 ## - NOTA GENERAL [R]
Nota general [NR] Incluye índice
600 10 - ASIENTO SECUNDARIO DE MATERIA - NOMBRE PERSONAL [R]
Nombre personal [NR] Drew, Nancy (Fictitious character)
Subdivisión de forma [R] Juvenile fiction
9 (RLIN) 180625
650 04 - ASIENTO SECUNDARIO DE MATERIA - TERMINO TEMATICO [R]
Término temático o nombre geográfico como elemento de entrada [NR] Historias de detectives y misterio
9 (RLIN) 12271
Subdivisión de forma [R] Ficción juvenil
650 04 - ASIENTO SECUNDARIO DE MATERIA - TERMINO TEMATICO [R]
Término temático o nombre geográfico como elemento de entrada [NR] Mujeres detectives
9 (RLIN) 12283
Subdivisión de forma [R] Ficción juvenil
700 1# - ASIENTO SECUNDARIO - NOMBRE PERSONAL [R]
Nombre personal [NR] Tandy, Russell H.
Término de relación [R] ilustrador
9 (RLIN) 180626
942 ## - ELEMENTOS DE ENTRADA AGREGADOS (KOHA)
Tipo de ítem principal el descrito en 300a Libro
Tema principal Literatura
Edición 1
Parte restante de la signatura top. K26q
Título oculto en OPAC No
Sistema de clasificación DEWEY
Clasificación 813
Existencias
Signatura topográfica Código de barras Última vez visto Volúmen / Fascículo Ejemplar Costo de reposición Price effective from Tipo de ítem Nota pública (OPAC) Perdido Sistema de clasificación Dañado No prestable Tipo de ítem específico Suprimido Ubicación habitual Ubicación actual Localización Fecha de creación Forma de adquisición
813 K26q 120002370 04/12/2025 1942 Ej.1 26000.00 03/02/2013 Libro Galería de donantes - José Vicente Castro Silva   DEWEY     Libro   Claustro Claustro 3er piso 28/02/2003 Donación